zpět

Detail výsledku týmu

A-Sport, Hradec Králové

Datum a čas kvízu

31 Celkem bodů Celkový počet nahraných bodů na tomto kvízu bez doplňovacích otázek.
8. Pořadí na kvízu Konečné umístění týmu na tomto kvízu.

Zaznamenané odpovědi

# Otázka Odpověď Body Výsledky
1. V Olomouci se objevil případ m... na sušáku na prádlo (na klepači na koberce) 1
2. Který významný den jsme mohli... B 1
3. Počátkem týdne jsme se dozvědě... Katy Perry; Justin Trudeau 0.5
4. Velký průlom v regenerativní m... krev 1
5. Fotbalisté z malého afrického... Kapverdy 0
6. Asijská poušť Karakum, uprostř... Turkmenistán 0
7. Uveďte, kterým čtyřpísmenným p... vádí 0
8. Vyberte, se kterým živočichem... B 0
9. Vojáci Československého pěšího... Tobruk 1
10. Britský umělec Gordon Sumner s... Sting 1